El concepto de juventud /
Este artículo niega la validez teórica del rango de edad como categoría definitoria de la juventud. Se consideran dos ejes centrales: la contraposición joven-adulto, que supone dos tipos ideales. El otro eje está conformado por tres categorías: la segmentación, la cultura y el mundo de la vida...
Zapisane w:
| 1. autor: | |
|---|---|
| Format: | Texto |
| Hasła przedmiotowe: | |
| Etykiety: |
Dodaj etykietę
Nie ma etykietki, Dołącz pierwszą etykiete!
|
MARC
| LEADER | 00000 a a2200000 04500 | ||
|---|---|---|---|
| 001 | 16589 | ||
| 003 | |||
| 040 | |||
| 100 | |a Taguenca Belmonte, Juan Antonio | ||
| 245 | |a El concepto de juventud / |c Juan Antonio Taguenca Belmonte | ||
| 520 | |a Este artículo niega la validez teórica del rango de edad como categoría definitoria de la juventud. Se consideran dos ejes centrales: la contraposición joven-adulto, que supone dos tipos ideales. El otro eje está conformado por tres categorías: la segmentación, la cultura y el mundo de la vida | ||
| 650 | |a JUVENTUD | ||
| 650 | |a TEORIA | ||
| 773 | |g volumen 71, número 1; páginas 159-190 | ||
| 999 | |c 21527 |d 21527 | ||
